000 00944nmm a2200301 a 4500
001 ocm000651490
003 TR-IsHL
005 20201028141542.0
008 131226s2010 tu tur
007 cr cn
020 _a9786053670391
035 _a651490
_b(N$T)
050 0 4 _aAG195
_b.K39 2010
090 0 4 _aAG195
_b.K39 2010
100 1 _aKazar, Fazlı
245 1 0 _aEnteresan bilgiler
_h[electronic resource] /
_cFazlı Kazar ; ed. İbrahim Özbay
260 _aİstanbul :
_bAkis Kitap,
_c2010
300 _a120 p.
650 4 _aGenel Çalışmalar
650 4 _aGeneral Works
650 0 _aSorular ve cevaplar
650 0 _aQuestions and answers
650 0 _aBilgi
650 0 _aKnowledge
650 7 _aBODY, MIND & SPIRIT / Ancient Mysteries & Controversial Knowledge
_2bisacsh
700 1 _aÖzbay, İbrahim
856 4 0 _uhttp://search.ebscohost.com/login.aspx?direct=true&scope=site&db=e011xww&AN=651490
999 _c7877
_d7877